Heritage of India / (Record no. 165076)

MARC details
000 -LEADER
fixed length control field 00591nam a2200193 4500
005 - DATE AND TIME OF LATEST TRANSACTION
control field 20190606113959.0
010 ## - LCCN (DPL NO)
LC control number ENG-125491
020 ## - INTERNATIONAL STANDARD BOOK NUMBER
International Standard Book Number 9789350701089
Terms of availability 995.00
035 ## - SYSTEM CONTROL NUMBER
System control number EN-109023
037 ## - SOURCE OF ACQUISITION
Source of stock number/acquisition DBAD/PUB
082 ## - DEWEY DECIMAL CLASSIFICATION NUMBER
Classification number 954
100 ## - MAIN ENTRY--PERSONAL NAME
Personal name Deshmukh, Ajay P.
245 ## - TITLE STATEMENT
Title Heritage of India /
Statement of responsibility, etc by Ajay P. Deshmukh
260 ## - PUBLICATION, DISTRIBUTION, ETC. (IMPRINT)
Place of publication, distribution, etc Ahmedabad
Name of publisher, distributor, etc Shanti Prakashan
Date of publication, distribution, etc 2019
270 ## - ADDRESS
Address D-19/220, Nandanvan Apartment, Nava Vadaj
City Ahmedabad
Postal code 380013
300 ## - PHYSICAL DESCRIPTION
Extent 623p.
Dimensions 22cm(pbk)
500 ## - GENERAL NOTE
General note Includes bibliographical references and index
942 ## - ADDED ENTRY ELEMENTS (KOHA)
Source of classification or shelving scheme Dewey Decimal Classification
Item type English Books
Classification part 954
Call number prefix DES
Holdings
Withdrawn status Lost status Not for loan Collection code Home library Current library Date acquired Source of acquisition Cost, normal purchase price Full call number Barcode Copy number Cost, replacement price Koha item type
      Non-fiction Central Library Central Library 06/06/2019 DBAD/PUB 995.00 954 EN-109023 1 995.00 English Books

© Delhi Public Library
Hit Counter
free hit counter